[Event "Rio de Janeiro Alex op"]
[Site "Rio de Janeiro"]
[Date "2016.06.19"]
[Round "5"]
[White "Pinon, Antonio Marcos"]
[Black "Luz da Costa, Carlos Henrique"]
[Result "1-0"]
[WhiteElo "1561"]
[BlackElo "1587"]
[PlyCount "67"]
[EventDate "2016.06.12"]
[EventType "swiss"]
[EventRounds "6"]
[EventCountry "BRA"]
[SourceTitle "CBM 173 Extra"]
[Source "ChessBase"]
[SourceDate "2016.08.29"]
[SourceVersion "1"]
[SourceVersionDate "2016.08.29"]
[SourceQuality "1"]

1. d4 Nf6 2. Nf3 b6 3. Nc3 Bb7 4. g3 e6 5. a3 Be7 6. Bg2 d5 7. 0-0 Nbd7 8. Bf4 Ba6 9. Re1 Bd6 10. Ne5 Nh5 11. Nc6 Qc8 12. Bxd6 cxd6 13. e4 dxe4 14. Qxh5 Qxc6 15. Bxe4 Qc8 16. Bxa8 Qxa8 17. Rxe6+ Kf8 18. Qf5 Bc8 19. Rxd6 g6 20. Qg5 Kg7 21. Re1 Qf3 22. Rxd7 Bxd7 23. Qe5+ Kg8 24. Nd5 Bh3 25. Nf6+ Kg7 26. Ne8+ Kh6 27. Qg7+ Kg5 28. Re5+ f5 29. Qe7+ Kh6 30. Qh4+ Qh5 31. Qxh5+ Kxh5 32. d5 Rf8 33. d6 Rf7 34. d7 1-0

[Event "Rio de Janeiro Alex op"]
[Site "Rio de Janeiro"]
[Date "2016.06.18"]
[Round "3"]
[White "Pinon, Antonio Marcos"]
[Black "Rodrigues, Nei Jorge"]
[Result "0-1"]
[WhiteElo "1561"]
[BlackElo "2029"]
[PlyCount "114"]
[EventDate "2016.06.12"]
[EventType "swiss"]
[EventRounds "6"]
[EventCountry "BRA"]
[SourceTitle "CBM 173 Extra"]
[Source "ChessBase"]
[SourceDate "2016.08.29"]
[SourceVersion "1"]
[SourceVersionDate "2016.08.29"]
[SourceQuality "1"]

1. d4 Nf6 2. Nf3 b6 3. Nc3 Bb7 4. g3 e6 5. a3 c5 6. e3 d6 7. Bg2 Nbd7 8. 0-0 Be7 9. Re1 a6 10. Rb1 Qc7 11. Bd2 Rc8 12. Ne2 cxd4 13. Nexd4 e5 14. Nf5 Qxc2 15. Nxe7 Qxd1 16. Rexd1 Kxe7 17. Nh4 Be4 18. Bxe4 Nxe4 19. Nf5+ Ke6 20. Nxg7+ Kf6 21. Nh5+ Kg5 22. g4 Kxg4 23. Ng3 Nxg3 24. hxg3 Rc6 25. Kg2 Kf5 26. Bc3 Nf6 27. Kf3 Rg8 28. Rbc1 d5 29. Rh1 Rd8 30. g4+ Ke6 31. g5 Ne4 32. Rh6+ f6 33. gxf6 Nxf6 34. Rxf6+ Kxf6 35. Bxe5+ Kxe5 36. Rxc6 Rd6 37. Rxd6 Kxd6 38. Kf4 Ke6 39. Kg5 a5 40. a4 Kf7 41. Kh6 Kg8 42. f4 Kh8 43. f5 Kg8 44. Kg5 Kf7 45. Kf4 Kf6 46. Kg4 h6 47. Kf4 h5 48. b3 h4 49. Kg4 h3 50. Kxh3 Kxf5 51. Kg3 Ke4 52. Kf2 d4 53. exd4 Kxd4 54. b4 axb4 55. Ke1 Kc3 56. Kd1 Kb2 57. Kd2 b3 0-1